00900nam a22002417a 4500003000500000005001700005008004100022010001000063011001000073035001100083040000900094100002500103245013100128260004000259300002500299502012000324530003600444650001900480650003600499650003000535650002900565856006400594CHAP20220329143451.0091117s2009 mx a r 00010 spa d a97083 a98055 a108732 cCHAP1 aCrespo Lira, Heladio10aBalance entre consumo y gasto de energia por actividad de vacas lecheras pastoreando pastizal nativoc/por Heladio Crespo Lira aChapingo, Méx. :bEl autor,c2009 aix, 61 h. :bcuadros aTesis (M.C. en Innovación Ganadera) -- UACH. Departamento de Enseñanza, Investigación y Servicio en Zootecnia aTambién disponible en línea14aEnergéticos.14aGanado lecheroxAlimentación.14aGanado lecheroxPastoreo.14aPastizalesxMichoacán. 3Finding aiduhttp://10.13.5.2/tesis/108732.pdfzTeclea aqui